Aktuálne trendy rozvoja podnikového controllingu vo vybranom podnikateľskom subjekte so zameraním na sociálnu oblasť dizertačná práca

Enregistré dans:
Détails bibliographiques
Auteur principal: Pusztiová, Lea, 1994-
Collectivité auteur: Fakulta podnikového manažmentu EU. Katedra podnikovohospodárska
Autres auteurs: Dubcová, Gabriela, 1968-
Format: Livre
Langue:slovaque
Publié: Bratislava 2023
Sujets:
Tags: Ajouter un tag
Pas de tags, Soyez le premier à ajouter un tag!

MARC

LEADER 00000nbm a2200000 4500
001 0296237
005 20231010135935.4
041 0 |a slo 
044 |a SK 
245 1 0 |a Aktuálne trendy rozvoja podnikového controllingu vo vybranom podnikateľskom subjekte so zameraním na sociálnu oblasť  |b dizertačná práca  |c Lea Pusztiová ; školiteľ: Gabriela Dubcová 
264 1 |a Bratislava  |c 2023 
300 |a 116 s. 
610 2 0 |a kontroling podnikový 
610 2 0 |a podnikanie zodpovedné 
100 1 |a Pusztiová, Lea, 1994- 
700 1 |a Dubcová, Gabriela, 1968- 
710 2 |a Fakulta podnikového manažmentu EU. Katedra podnikovohospodárska